00266 2200121 4500245004800000250001100048100000900059650001600068005001900084260001800103041001400121336000900135 aLAPORAN KARYA SISWAb : JEPANGcTIKAhText aCet. 1 aTIKA aKarya Siswa a20240829113714 aJakartac2024 aIndonesia atext